000 00254nam a22001217a 4500
041 _aENG
100 _aDhawan.R.K
245 _aA Textbook of Machin Drawing
260 _aDelhi
_bS.Chand
_c1995
300 _a702
650 _aFMP
856 _uFMP ( 16 )
999 _c1389
_d1389